| 000 | 01012cam a22002891 4500 | ||
|---|---|---|---|
| 001 | 28417 | ||
| 003 | BD-RjUL | ||
| 005 | 20211209051259.0 | ||
| 008 | 1403 r19481941n 001 0 eng d | ||
| 035 | _a(BD-RjUL)28498 | ||
| 035 | _a(OCoLC)1246225 | ||
| 040 |
_aDLC _cVtMiM _dOCoLC _dDLC _dBD-RjUL _beng |
||
| 041 | 1 | _aengfre | |
| 082 | 0 | 4 |
_a130.34 _bDAP 1948 |
| 100 | 1 |
_aDalbiez, Roland. _987012 |
|
| 245 | 1 | 0 |
_aPsychoanalytical method and the doctrine of Freud / _cWith an introduction by E. B. Strauss. Translated from the French by T. F. Lindsay. _nVolume-1 |
| 260 |
_aLondon ; _aNew York : _bLongmans, _c1941 [reprinted 1948]. |
||
| 300 |
_aV-1 (xv, 415 p.) ; _c22 cm. |
||
| 500 | _a"First published 1941." | ||
| 504 | _a"Key to abbreviated references": v. 1, p. xv-xvi; v. 2, p. xi-xii. | ||
| 505 | 0 | _av. 1. Exposition.--v. 2. Discussion. | |
| 600 | 1 | 0 |
_aFreud, Sigmund, _d1856-1939. _987022 |
| 650 | 0 |
_aPsychoanalysis. _987014 |
|
| 942 |
_2ddc _cBK |
||
| 999 |
_c28417 _d28417 |
||